Michael Phelps... or Aquaman? - Statistics

General Stats
  • This quiz has been taken 85 times
  • The average score is 10 of 20
Answer Stats
Question Answer % Correct
Is technically royalty. Aquaman
83%
Found the Trident of Atlan, a sacred Atlantean relic who grants kingship to whomever possesses it. Aquaman
83%
Is able to telepathically communicate with sea life. Aquaman
83%
Lost advertising revenue after appearing in media with drug paraphernalia. Michael Phelps
72%
Enjoyed viewership in the tens of millions. Both
61%
Is significantly more successful than anyone else in their realm. Both
61%
Married one "Miss California". Michael Phelps
61%
Taught an octopus how to milk a cow and took a bath in the milk. Aquaman
56%
Suffers a susceptibility to dehydration when in arid or desert environments. Both
56%
Started in 1985. Michael Phelps
56%
Born in America. Michael Phelps
50%
Has famously swum with computer-generated sharks. Both
44%
Known to use the "dolphin kick" up to a range of 15 metres. Michael Phelps
44%
Has an abnormally long wingspan, proportionally longer than a typical... human... wingspan. Michael Phelps
39%
His name was dropped in the #1 hit song "One Week" by Barenaked Ladies. Aquaman
28%
Named People Magazine's sexiest man of the year Neither
28%
Is able to swim faster than competitive speed walkers. Aquaman
22%
Attended Prince William and Kate Middleton's wedding. Neither
22%
Had an elaborate marriage ceremony with a fish bride. Neither
11%
His name appears in Barack Obama's book, "A Promised Land". Aquaman
0%
No matching quizzes found
Score Distribution
Percent of People with Each Score
Percentile by Number Answered
Your Score History
You have not taken this quiz